| 000 | 00808nam a22002297a 4500 | ||
|---|---|---|---|
| 005 | 20251108173723.0 | ||
| 008 | 250721s2008 xx 000 0 ara d | ||
| 082 | 1 | 4 | _a362.7/شيف |
| 100 | 1 |
_aشيفر، شارلز _eمؤلف |
|
| 245 | 1 | 0 | _aمشكلات الأطفال و المراهقين و أساليب المساعدة فيها / |
| 246 | 1 | 1 | _aHIOW TO HELP CHILDREN WITH COMMON PROBLEMS |
| 264 | 1 |
_aعمان : _bدار الفكر ناشرون و موزعون، _c2008. |
|
| 300 | _a568 ص. | ||
| 650 | 1 | 7 | _aرعايه الاطفال |
| 650 | 1 | 7 | _aمشكلات الاطفال |
| 650 | 1 | 7 | _aالاطفال |
| 650 | 1 | 7 | _aالمشكلات الاجتماعيه |
| 700 | 1 |
_aحمدي، نزيه _eمترجم |
|
| 700 | 1 |
_aداود، نسيمة _eمؤلف |
|
| 942 |
_2ddc _cBK |
||
| 999 |
_c110765 _d110765 |
||